000 00388nam a22001577a 4500
999 _c14306
_d14306
003 OSt
008 180831b ||||| |||| 00| 0 eng d
020 _a8122415458
082 _a604.2
_bVEN/EN
100 _aVenugopal.K
_93293
245 _aEngineeing Drawing And Graphics
250 _a5
260 _aNew Delhi
_bNew Age International Publishers
_c2009
300 _a25.36
942 _cBK